Energy: Prices and Taxes First Quarter 1993

Gespeichert in:
Bibliographische Detailangaben
Format: Buch
Sprache:Englisch
Veröffentlicht: Paris OECD 1993
Ausgabe:1. ed.
Schriftenreihe:IEA statistics
Schlagworte:
Tags: Tag hinzufügen
Keine Tags, Fügen Sie das erste Tag hinzu!

MARC

LEADER 00000nam a2200000 4500
001 c005145
005 20230724093111.2
020 |a 92-64-13929-X 
041 0 |a eng 
044 |a FR 
245 1 0 |a Energy: Prices and Taxes  |b First Quarter 1993 
250 |a 1. ed. 
264 1 |a Paris  |b OECD  |c 1993 
300 |a 379 s. 
490 1 |a IEA statistics 
830 0 |a IEA statistics 
610 2 0 |a energia 
610 2 0 |a ceny 
610 2 0 |a dane 
610 2 0 |a dovoz 
610 2 0 |a vývoz 
610 2 0 |a ropa 
610 2 0 |a uhlie 
610 2 0 |a plyn 
610 2 0 |a 1981-1993 
610 2 0 |a Česko 
610 2 0 |a Slovensko 
610 2 0 |a Poľsko 
610 2 0 |a Maďarsko 
610 2 0 |a OECD